| 000 | 00958cam a2200265 4500 | ||
|---|---|---|---|
| 999 |
_c329643 _d329643 |
||
| 001 | 4559710 | ||
| 003 | NUST | ||
| 005 | 20170516155330.0 | ||
| 008 | 740619s1974 nyua b 001 0 eng | ||
| 010 | _a 73009122 | ||
| 020 | _a0442294794 | ||
| 040 |
_aDLC _cDLC _dDLC |
||
| 050 | 0 | 0 |
_aQD79.I5 _bW54 1974 |
| 082 | 0 | 0 | _a543.08 WIL |
| 100 | 1 |
_aWillard, Hobart H. _q(Hobart Hurd), _d1881-1974. _9918 |
|
| 245 | 1 | 0 |
_aInstrumental methods of analysis _c[by] Hobart H. Willard, Lynne L. Merritt, Jr. [and] John A. Dean. |
| 250 | _a5th ed. | ||
| 260 |
_aNew York, _bVan Nostrand _c[1974] |
||
| 300 |
_axix, 860 p. _billus. _c24 cm. |
||
| 500 | _aH.B | ||
| 504 | _aIncludes bibliographies. | ||
| 650 | 0 |
_aInstrumental analysis. _9706 |
|
| 700 | 1 |
_aMerritt, Lynne L. _q(Lynne Lionel), _d1915-2001 _ejoint author. _9919 |
|
| 700 | 1 |
_aDean, John A. _q(John Aurie), _d1921-2001 _ejoint author. _9282 |
|
| 906 |
_a7 _bcbc _corignew _d2 _eocip _f19 _gy-gencatlg |
||
| 942 |
_2ddc _cBK _k543.08 WIL |
||